Normal view
MARC view
- Sequential machine theory
Entry Topical Term
001 - CONTROL NUMBER
- control field: 106439
003 - CONTROL NUMBER IDENTIFIER
- control field: NUST
005 - DATE AND TIME OF LATEST TRANSACTION
- control field: 20221229172216.0
008 - FIXED-LENGTH DATA ELEMENTS
- fixed length control field: 221229|| aca||aabn | a|a d
040 ## - CATALOGING SOURCE
- Original cataloging agency: NUST
- Transcribing agency: NUST
150 ## - HEADING--TOPICAL TERM
- Topical term or geographic name entry element: Sequential machine theory
670 ## - SOURCE DATA FOUND
- Source citation: Work cat.: (NUST)193527: Comer, David J. 56844, Digital logic and state machine design /, c1995.
